अन्तराष्ट्रीय आतंकवाद / (Record no. 118675)

MARC details
000 -LEADER
fixed length control field 01041nam a22002537a 4500
005 - DATE AND TIME OF LATEST TRANSACTION
control field 20170124103118.0
010 ## - LIBRARY OF CONGRESS CONTROL NUMBER
LC control number B-158023
020 ## - INTERNATIONAL STANDARD BOOK NUMBER
Terms of availability 250.00
International Standard Book Number 8173154465
035 ## - SYSTEM CONTROL NUMBER
System control number B-158023
037 ## - SOURCE OF ACQUISITION
Source of stock number/acquisition Cen Lib/Ret
040 ## - CATALOGING SOURCE
Original cataloging agency DPL
Language of cataloging HN
082 ## - DEWEY DECIMAL CLASSIFICATION NUMBER
Classification number 303.625
Item number सहग
100 ## - MAIN ENTRY--PERSONAL NAME
Personal name सहगल, विनोद
9 (RLIN) 81402
245 ## - TITLE STATEMENT
Title अन्तराष्ट्रीय आतंकवाद /
Statement of responsibility, etc विनोद सहगल
246 ## - VARYING FORM OF TITLE
Title proper/short title Antarashtriya atankvaad /
Remainder of title by Vinod Sahgal
260 ## - PUBLICATION, DISTRIBUTION, ETC. (IMPRINT)
Place of publication, distribution, etc दिल्ली
Name of publisher, distributor, etc प्रभात प्रकाशन
Date of publication, distribution, etc 2004
270 ## - ADDRESS
City दिल्ली
Address 4/19 आसफ अली रोड
Postal code 110002
300 ## - PHYSICAL DESCRIPTION
Extent 231पृ.
Dimensions 20सेमी(सजिल्द )
650 ## - SUBJECT ADDED ENTRY--TOPICAL TERM
Topical term or geographic name as entry element आतंकवादी संगठन
General subdivision
Geographic subdivision
9 (RLIN) 81403
650 ## - SUBJECT ADDED ENTRY--TOPICAL TERM
Topical term or geographic name as entry element आतंकवाद--सुरक्षा--बचाव
9 (RLIN) 81404
650 ## - SUBJECT ADDED ENTRY--TOPICAL TERM
Topical term or geographic name as entry element Terrorist organization
9 (RLIN) 81405
650 ## - SUBJECT ADDED ENTRY--TOPICAL TERM
Topical term or geographic name as entry element Terrorism - Security and prevention
9 (RLIN) 81406
942 ## - ADDED ENTRY ELEMENTS (KOHA)
Source of classification or shelving scheme Dewey Decimal Classification
Koha item type Hindi Books
Classification part 303.625
Call number suffix सहग
Holdings
Withdrawn status Lost status Damaged status Not for loan Home library Current library Date acquired Source of acquisition Cost, normal purchase price Total Checkouts Full call number Barcode Date last seen Date checked out Copy number Cost, replacement price Price effective from Koha item type
        Central Library Central Library 12/09/2015 Cen Lib/Ref 250.00 1 303.625 सहग B-158023 19/02/2020 01/02/2020 1 250.00 12/09/2015 Hindi Books

© Delhi Public Library
Hit Counter
free hit counter